000 00299nam a22001337a 4500
003 SGT
020 _a987-240-207-1
082 _a647.94
_bCHO
100 _aCHON, KYE-SUNG
245 _aWELCOME TO HOSPITALITY AN INTRODUCTION
260 _aAFRICA
_bDELMAR
_c2001
300 _a466
942 _2ddc
_cBK
999 _c22735
_d22735